000 00581nam a22002177a 4500
003 OSt
005 20240621152154.0
008 160421b xxu||||| |||| 00| 0 eng d
020 _a0582239885
040 _c040a
082 _a532 DOU 1996
100 _aDouglas, J. F.; Matthews, R. D.
_98184
245 _aSolving Problems in Fluid Mechanics
250 _a3rd.ed
_bVol. 2
260 _aHarlow;
_bPrentice hall,
_c1996
300 _avii, 289p;
_bill :
_c14 cm.
504 _aIncludes index
650 _aFluid mechanics
_98032
650 _aMechanics
_9819
942 _2ddc
_cSLOAN
999 _c3691
_d3691